| 000 | 00720nam a22001937a 4500 | ||
|---|---|---|---|
| 999 |
_c9472 _d9472 |
||
| 008 | 180704b ||||| |||| 00| 0 eng d | ||
| 020 | _a978-1-305-50102-7 | ||
| 082 |
_22017 _aDC 372.212 _bG393 |
||
| 100 |
_928144 _aGestwicki, Carol |
||
| 245 |
_aDevelopmentally appropriate practice : _bcurriculum and development in early education/ _cCarol Gestwicki |
||
| 250 | _a6th Edition | ||
| 260 |
_aAustralia: _bCengage Learning, _c©2017. |
||
| 300 |
_axxi, 506 pages: _bcolor illustrations; _c27 cm. |
||
| 500 | _aincludes glossary, index and references. | ||
| 650 | 0 |
_928148 _aEarly childhood education -- United States |
|
| 650 | 0 |
_928149 _aChild development -- United States |
|
| 365 |
_b7918.20 _cPhp. |
||
| 942 |
_2ddc _cDC |
||